Normal view
MARC view
Entry Topical Term
001 - CONTROL NUMBER
- control field: 24989
003 - CONTROL NUMBER IDENTIFIER
- control field: ARRUPE
005 - DATE AND TIME OF LATEST TRANSACTION
- control field: 20160812121356.0
008 - FIXED-LENGTH DATA ELEMENTS
- fixed length control field: 160812|| aca||aabn | a|a d
040 ## - CATALOGING SOURCE
- Original cataloging agency: ARRUPE
- Transcribing agency: ARRUPE
150 ## - HEADING--TOPICAL TERM
- Topical term or geographic name as entry element: Carols.
670 ## - SOURCE DATA FOUND
- Source citation: Work cat.: (ARRUPE)0: Poston, Elizabeth, 1905-1987, ed. 24988, The Penguin book of Christmas carols., 1965